|
|
|
|
| LEADER |
01182nam a2200289 a 4500 |
| 001 |
14847514 |
| 008 |
120805s2007 cc a 001 0 eng d |
| 010 |
|
|
|a 2007274702
|
| 020 |
|
|
|a 0596008678 (pbk.)
|
| 020 |
|
|
|a 9780596008673 (pbk.)
|
| 040 |
|
|
|a OCO
|c OCO
|d BAKER
|d YDXCP
|d VP@
|d BTCTA
|d TXA
|d DLC
|d BD-DhAAL
|
| 082 |
0 |
0 |
|a 005.117
|2 22
|
| 100 |
1 |
|
|a McLaughlin, Brett.
|
| 245 |
1 |
0 |
|a Head first object-oriented analysis and design /
|c Brett D. McLaughlin, Gary Pollice, David West.
|
| 246 |
3 |
|
|a Object-oriented analysis and design
|
| 260 |
|
|
|a Beijing ;
|a Sebastopol :
|b O'Reilly,
|c c2007.
|
| 300 |
|
|
|a xxxiv, 600 p. :
|b ill. ;
|c 25 cm.
|
| 490 |
1 |
|
|a Head first series.
|
| 500 |
|
|
|a Includes index.
|
| 541 |
|
|
|e 00025850
|
| 650 |
|
0 |
|a Object-oriented methods (Computer science)
|
| 650 |
|
0 |
|a Computer software
|x Development.
|
| 700 |
1 |
|
|a Pollice, Gary.
|
| 700 |
1 |
|
|a West, David,
|d 1948-
|
| 852 |
4 |
|
|a Ayesha Abed Library
|j General shelf.
|
| 999 |
|
|
|c 12713
|d 12713
|
| 952 |
|
|
|0 0
|1 0
|4 0
|6 005_117000000000000_MCL
|7 0
|9 20954
|a BRACUL
|b BRACUL
|c GEN
|d 2012-08-06
|e Trust Line International
|g 5290.00
|l 28
|m 180
|o 005.117 MCL
|p 3010025850
|q 2026-06-02
|r 2025-11-05
|s 2025-11-05
|t 1
|w 0000-00-00
|y BK
|x Available
|